000 00512cam a2200169 a 4500
020 _a0471504882
082 0 0 _a620.11
_bCAL
_cL-21, P-88
100 1 _aCallister, William D.,
_940725
245 1 0 _aMaterials science and engineering :
_ban introduction /
_cWilliam D. Callister, Jr.
250 _a2nd ed.
260 _aNew York :
_bWiley,
_cc1991.
300 _axxi, 791 p. :
_bill. ;
_c25 cm.
526 _a0
_b0
_c0
_d620_110000000000000_CAL
650 0 _aMaterials.
_91466
650 0 _aMCE
_9379
942 _2ddc
_cBK
999 _c544981
_d544981